Central Library OPAC University of Rajshahi

The Victoria history of the county of Oxford / (Record no. 74959)

MARC details
000 -LEADER
fixed length control field 01808nam a2200349 a 4500
001 - CONTROL NUMBER
control field 74959
003 - CONTROL NUMBER IDENTIFIER
rucl marc code BD-RjUL
005 - DATE AND TIME OF LATEST TRANSACTION
control field 20211209082627.0
008 - FIXED-LENGTH DATA ELEMENTS--GENERAL INFORMATION
fixed length control field 181226m1939 enkab b 001 0 eng
035 ## - SYSTEM CONTROL NUMBER
System control number (BD-RjUL)75177
System control number 1648209
040 ## - CATALOGING SOURCE
Original cataloging agency DLC
Language of cataloging eng
Transcribing agency DLC
Modifying agency LC
-- BD-RjUL
041 ## - LANGUAGE CODE
Language code of text/sound track or separate title eng
043 ## - GEOGRAPHIC AREA CODE
Geographic area code e-uk-en
082 ## - DEWEY DECIMAL CLASSIFICATION NUMBER
Edition number 23
Classification number 942.57
Author mark and year VIC 1939
245 04 - TITLE STATEMENT
Title The Victoria history of the county of Oxford /
Statement of responsibility, etc. edited by L.F. Salzman.
260 ## - PUBLICATION, DISTRIBUTION, ETC. (IMPRINT)
Place of publication, distribution, etc. London :
Name of publisher, distributor, etc. Published for University of London, Institute of Historical Research, by Oxford University Press,
Date of publication, distribution, etc. 1939-
300 ## - PHYSICAL DESCRIPTION
Pagination v. :
Illustrations ill., maps (some col.) ;
Size 32 cm.
490 1# - SERIES STATEMENT
Series statement The Victoria history of the counties of England
504 ## - BIBLIOGRAPHY, ETC. NOTE
Bibliography, etc Includes bibliographical references and indexes.
505 1# - FORMATTED CONTENTS NOTE
Formatted contents note v. 1. Oxford -- v. 2. Oxford -- v. 3. The University of Oxford -- v. 4. The City of Oxford -- v. 5. Bullingdon hundred -- v. 6. Ploughley hundred -- v. 7. Dorchester and Thame hundreds -- v. 8. Lewknor and Pyrton hundreds -- v. 9. Bloxham hundred -- v. 10. Banbury hundred -- v. 11. Wootton hundred (Northern part) -- v. 12. Wootton hundred (South) including Woodstock -- v. 13. Bampton Hundred (part one) -- v. 14 Bampton Hundred (part two) -- v.15. Carterton, Minster Lovell, and environs: Bampton hundred (part three) -- v. 16. Henley-on-Thames and environs.
610 10 - SUBJECT ADDED ENTRY--CORPORATE NAME
Corporate name or jurisdiction name as entry element University of Oxford
650 #0 - SUBJECT ADDED ENTRY--TOPICAL TERM
Topical term or geographic name as entry element Natural history
Geographic subdivision England
-- Oxfordshire.
9 (RLIN) 226457
651 #0 - SUBJECT ADDED ENTRY--GEOGRAPHIC NAME
Geographic name Oxfordshire (England)
General subdivision History.
9 (RLIN) 226458
Geographic name Oxfordshire (England)
General subdivision Antiquities.
9 (RLIN) 226459
700 1# - ADDED ENTRY--PERSONAL NAME
Personal name Salzman, L. F.
Fuller form of name (Louis Francis),
Dates associated with a name 1878-
830 #0 - SERIES ADDED ENTRY--UNIFORM TITLE
Uniform title Victoria history of the counties of England.
942 ## - ADDED ENTRY ELEMENTS (KOHA)
Source of classification or shelving scheme Dewey Decimal Classification
Koha item type Books
Holdings
Lost status Source of classification or shelving scheme Damaged status Not for loan Collection code Permanent Location Current Location Shelving location Date acquired Source of acquisition Cost, normal purchase price Total Checkouts Full call number Date last seen Copy number Koha item type
  Dewey Decimal Classification   Not For Loan Non-fiction Central Library, University of Rajshahi Central Library, University of Rajshahi Reading Room 23/08/1955 O.U.P. 42.00   942.57 VIC V-1 1939 26/12/2018 C-1 Books